Women's studies international forum. (Record no. 160)
[ view plain ]
| 000 -LEADER | |
|---|---|
| fixed length control field | 00396nam a22001577a 4500 |
| 005 - DATE AND TIME OF LATEST TRANSACTION | |
| control field | 20231208000019.0 |
| 008 - FIXED-LENGTH DATA ELEMENTS--GENERAL INFORMATION | |
| fixed length control field | 231207b |||||||| |||| 00| 0 eng d |
| 082 ## - DDC Classification | |
| DDC Edition Number | 22 |
| Class No. | 305.4. |
| 245 ## - TITLE STATEMENT | |
| Title | Women's studies international forum. |
| 250 ## - EDITION STATEMENT | |
| Edition statement | 1st. |
| 260 ## - PUBLICATION, DISTRIBUTION, ETC. | |
| Place of publication, distribution, etc. | New york/ |
| Name of publisher, distributor, etc. | Elsevier Science LTD. |
| Date of publication, distribution, etc. | 1994. |
| 300 ## - PHYSICAL DESCRIPTION | |
| Extent (e.g. Volumes, Pages etc.) | xxii , 109 p. |
| 500 ## - GENERAL NOTE | |
| General note | Women studies. |
| 650 ## - SUBJECT ADDED ENTRY--TOPICAL TERM | |
| Topical term or geographic name entry element | Sex role. |
| 942 ## - Koha item type (Biblio) | |
| Koha item type | Books in Stacks (Lending) |
| Lost status | Damaged status | Collection code | Home library | Current library | Date acquired | Full call number | Accession Number | Item type |
|---|---|---|---|---|---|---|---|---|
| Lending | WERC Library | WERC Library | 12/08/2023 | 305.4. | 3046 | Books in Stacks (Lending) |
